Studie in the structure of the American economy - theoretical and compirical explosations in input-output (Record no. 372031)

000 -LEADER
fixed length control field 00426cam a22001217a 4500
008 - FIXED-LENGTH DATA ELEMENTS--GENERAL INFORMATION
fixed length control field 180718b1953 xxu||||| |||| 00| 0 eng d
082 ## - DEWEY DECIMAL CLASSIFICATION NUMBER
Classification number T19x73 L554
100 ## - MAIN ENTRY--PERSONAL NAME
Personal name Leontief, Wassily
245 ## - TITLE STATEMENT
Title Studie in the structure of the American economy - theoretical and compirical explosations in input-output
Statement of responsibility, etc. by Wassily Leontief...[et. al.]
260 ## - PUBLICATION, DISTRIBUTION, ETC.
Place of publication, distribution, etc. New York
Name of publisher, distributor, etc. OUP
Date of publication, distribution, etc. 1953
300 ## - PHYSICAL DESCRIPTION
Extent 561p.
650 ## - SUBJECT ADDED ENTRY--TOPICAL TERM
Topical term or geographic name entry element USA - Economic Conditions
Holdings
Withdrawn status Lost status Damaged status Not for loan Permanent Location Current Location Date acquired Full call number Barcode Date last seen Price effective from Koha item type
        Indian Institute of Public Administration Indian Institute of Public Administration 1994-06-13 T19x73 L554 28034 2018-07-21 2018-07-21 Book

Powered by Koha